Crónicas del pasado

Gespeichert in:
Bibliographische Detailangaben
Hauptverfasser: Sabato, Ernesto (VerfasserIn), Benítez, Rubén (VerfasserIn), Luna, Félix (VerfasserIn), Rozenmacher, Germán (VerfasserIn), Castellani, Leonardo (VerfasserIn), Walsh, Rodolfo J (VerfasserIn)
Format: Buch
Sprache:Spanisch
Veröffentlicht: Buenos Aires Jorge Alvarez 1966
Ausgabe:3a. ed
Schlagworte:
Tags: Tag hinzufügen
Keine Tags, Fügen Sie den ersten Tag hinzu!

MARC

LEADER 00000nam a2200000 a 4500
001 UCT2739
003 CL-VaPUC
008 961011e19660000AG |||||||||||||||||spa|d
082 0 4 |a Ar863  |b SAB  |2 21 
100 |a Sabato, Ernesto  |e author  |9 322691 
700 0 |a Benítez, Rubén  |e author  |9 371744 
700 0 |a Luna, Félix  |e author  |9 371745 
700 0 |a Rozenmacher, Germán  |e author  |9 371746 
700 0 |a Castellani, Leonardo  |e author  |9 371747 
700 0 |a Walsh, Rodolfo J  |e author  |9 371748 
245 1 0 |a Crónicas del pasado 
250 |a 3a. ed 
300 |a 107 p 
942 |c BK 
945 |d 19961011 00:00:00  |a rbrito 
260 |a Buenos Aires  |b Jorge Alvarez  |c 1966 
650 0 |a Literatura argentina  |9 320596 
650 7 |a CUENTOS ARGENTINOS  |2 CL-VaPUC  |9 371749 
583 |a last modification  |c 19961011 00:00:00  |k Rodrigo Vera 
999 |c 252714  |d 252712 
952 |0 0  |1 0  |4 0  |6 AR_863_000000000000000_SAB_1966  |7 0  |8 A  |9 272760  |a BIBEDU  |b BIBEDU  |d 2019-11-19  |i 324007K  |o Ar863 SAB 1966  |p 324007K  |r 2019-11-19  |w 2019-11-19  |y BK  |k LIT